Statistics for LOTR 3 Quotes

Click here to take the quiz!

General Stats

  • This quiz has been taken 706 times
  • The average score is 13 of 17

Answer Stats

QuoteCharacter% Correct
Come on, Mr. Frodo. I can't carry it for you... but I can carry you!Samwise Gamgee
100%
But it is not this day! This day we fight! By all that you hold dear on this good Earth, I bid you stand, Men of the West!Aragorn
95%
I think I'm... quite ready for another adventure!Bilbo Baggins
95%
Certainty of death. Small chance of success. What are we waiting for?Gimli
93%
I am no man.Eowyn
92%
No, Merry. I'm going to look after you.Pippin
92%
We even forgot our own name. My Precious.Gollum
90%
We're under orders from Treebeard, who has taken over management of Isengard.Merry
89%
Saruman, your staff is broken.Gandalf the Grey
87%
I know your face... Eowyn. My eyes darken.Theoden
85%
You fool. No man can kill me. Die now.Witch-king of Angmar
82%
Hroom, young Master Gandalf! I'm relieved that you've come.Treebeard
76%
Flee, flee for your lives!Denethor
58%
A sleepless malice. The eye of the enemy is moving. He is HERE.Legolas
55%
Oaths you have taken, now fulfill them all, to lord and land!Eomer
43%
The crownless again shall be king.Arwen
41%
The dead do not suffer the living to pass.King of the Dead
28%

Score Distribution

Percentile by Number Answered

Percent of People with Each Score

Your Score History

You have not taken this quiz